000 00406cam a2200169ua 4500
020 _c3.50
041 _aeng
_h
082 _a320.58
_bGAN/TR
100 _aGandhiM, M.K .
245 _aTrue Education /
_cM.K.Gandhi.
_hTextual Documents
260 _aAhmadabad :
_bNavajivan publishing house ,
_c1962.
300 _a268 ; .
365 _a3.50
504 _a
942 _cBK
999 _c1125
_d1125